| 000 | 01177nam a2200289 i 4500 | ||
|---|---|---|---|
| 001 | 188618 | ||
| 003 | SpMaBN | ||
| 005 | 20231222211442.0 | ||
| 008 | 190111s2006 sp ao |||| | spa d | ||
| 020 | _a84-451-2865-5 | ||
| 080 | _a725.826(460.27 M.):791.862(091) | ||
| 080 | _a791.862(460.27 M.)(091) | ||
| 245 | 0 | 4 |
_aLas Ventas _b: 75 años de historia / _cMiguel Ángel Baldellou ... [et al.] ; coordinación editorial y selección gráfica, Carlos Abella. |
| 260 |
_a[Madrid] : _bCentro de Asuntos Taurinos de la Comunidad de Madrid, _c[2006] |
||
| 300 |
_a479 p. : _bil., fot. ; _c28 cm. |
||
| 504 | _aReferencias bibliográficas. | ||
| 610 | 2 | 7 |
_aPlaza de Toros de Las Ventas. _9161874 |
| 650 | 7 |
_aCorridas de toros- _zMadrid- _vHistoria. _9138679 |
|
| 700 | 1 |
_aBaldellou, Miguel Ángel. _9143729 |
|
| 700 | 1 |
_aAbella, Carlos, _d1947- _9161871 |
|
| 710 | 2 |
_aCentro de Asuntos Taurinos (Madrid) _9234656 |
|
| 852 |
_aES-MaACL _jA-14290 _9195749 _bR.151683 _cDEPO1 _dOlim: N-7290 _hDonación: Centro de Asuntos Taurinos |
||
| 903 |
_9234656 _ednr |
||
| 914 |
_aCentro de Asuntos Taurinos (Madrid) _ednr _9234656 |
||
| 942 |
_2udc _cMONOGRAFIA |
||
| 999 |
_c188618 _d188618 |
||